[Event "Brasschaat op 15th"]
[Site "Brasschaat"]
[Date "2015.08.15"]
[Round "1"]
[White "Tavernier, Frank"]
[Black "Decrop, Benjamin"]
[Result "0-1"]
[WhiteElo "1640"]
[BlackElo "2004"]
[PlyCount "132"]
[EventDate "2015.08.15"]
[EventType "swiss"]
[EventRounds "9"]
[EventCountry "BEL"]
[SourceTitle "EXT 2016"]
[Source "ChessBase"]
[SourceDate "2015.10.08"]
[SourceVersion "1"]
[SourceVersionDate "2015.10.08"]
[SourceQuality "1"]

1. e4 c5 2. Nf3 e6 3. d4 cxd4 4. Nxd4 Nc6 5. Nc3 Qc7 6. Be3 a6 7. Qd2 Nf6 8. f3 Be7 9. Bd3 b5 10. Nxc6 dxc6 11. 0-0 0-0 12. Ne2 Rd8 13. Rac1 Nd7 14. f4 Nf6 15. Ng3 Ng4 16. e5 Bb7 17. Qe2 Nxe3 18. Qxe3 c5 19. c4 Qd7 20. Rfd1 bxc4 21. Bxh7+ Kxh7 22. Rxd7 Rxd7 23. Rxc4 Rad8 24. Ne4 Rd1+ 25. Kf2 R8d3 26. Qe2 Bd5 27. Rc3 c4 28. Rxd3 Rxd3 29. Nd6 Kg8 30. Qh5 g6 31. Qe2 Bh4+ 32. g3 Bd8 33. Qc2 Bb6+ 34. Ke1 Ba5+ 35. Ke2 Bf3+ 36. Kf2 Bb6+ 37. Ke1 Re3+ 38. Kf1 Bg4 39. Qg2 Rf3+ 40. Qxf3 Bxf3 41. Nxc4 Bd4 42. Nd2 Bd5 43. b3 Bc6 44. Ke2 Bb5+ 45. Nc4 Bxc4+ 46. bxc4 a5 47. Kd3 Bc5 48. g4 Kf8 49. Ke4 Ke7 50. h4 Kd7 51. f5 gxf5+ 52. gxf5 Be7 53. f6 Bf8 54. Kd4 Kc6 55. h5 Bh6 56. c5 Bg5 57. Kc4 Bf4 58. Kd4 Kb5 59. a4+ Kc6 60. Ke4 Bg5 61. Kd4 Bh6 62. Kc4 Bf8 63. Kd4 Bxc5+ 64. Ke4 Bf8 65. Kf4 Bh6+ 66. Ke4 Kc5 0-1

[Event "Brasschaat op 11th"]
[Site "Brasschaat"]
[Date "2011.08.20"]
[Round "1"]
[White "Peredy, Ferenc"]
[Black "Tavernier, Frank"]
[Result "1-0"]
[WhiteElo "2216"]
[BlackElo "1740"]
[PlyCount "35"]
[EventDate "2011.08.20"]
[EventType "swiss"]
[EventRounds "9"]
[EventCountry "BEL"]
[SourceTitle "CBM 144 Extra"]
[Source "ChessBase"]
[SourceDate "2011.10.28"]
[SourceVersion "1"]
[SourceVersionDate "2011.10.28"]
[SourceQuality "1"]

1. d4 d5 2. c4 dxc4 3. Nf3 Nf6 4. e3 e6 5. Bxc4 c5 6. 0-0 a6 7. Qe2 b5 8. Bd3 Bb7 9. dxc5 Bxc5 10. Rd1 Qb6 11. a3 0-0 12. b4 Be7 13. Bb2 Nbd7 14. Nbd2 Rac8 15. Nf1 Ne4 16. Bxe4 Bxe4 17. Rxd7 Rc2 18. Rd2 1-0

[Event "Charleroi op"]
[Site "Charleroi"]
[Date "2011.07.30"]
[Round "1"]
[White "De Villers, Mourad"]
[Black "Tavernier, Frank"]
[Result "1-0"]
[WhiteElo "2121"]
[BlackElo "1740"]
[PlyCount "41"]
[EventDate "2011.07.30"]
[EventType "swiss"]
[EventRounds "9"]
[EventCountry "BEL"]
[SourceTitle "EXT 2012"]
[Source "ChessBase"]
[SourceDate "2011.11.24"]
[SourceVersion "1"]
[SourceVersionDate "2011.11.24"]
[SourceQuality "1"]

1. c4 c5 2. g3 g6 3. Bg2 Bg7 4. Nc3 Nc6 5. Nf3 e5 6. 0-0 Nge7 7. d3 0-0 8. a3 d6 9. Rb1 a5 10. b3 Be6 11. Ng5 d5 12. cxd5 Bxd5 13. Nxd5 Nxd5 14. Bd2 Qd7 15. Qc1 b6 16. Qc4 Rfd8 17. Rfc1 h6 18. Ne4 Qg4 19. Nc3 Qxc4 20. bxc4 Nxc3 21. Bxc3 1-0

[Event "Charleroi op"]
[Site "Charleroi"]
[Date "2010.07.31"]
[Round "1"]
[White "Tavernier, Frank"]
[Black "Godart, Francois"]
[Result "0-1"]
[WhiteElo "1776"]
[BlackElo "2240"]
[PlyCount "36"]
[EventDate "2010.07.31"]
[EventType "swiss"]
[EventRounds "9"]
[EventCountry "BEL"]
[SourceTitle "CBM 137 Extra"]
[Source "ChessBase"]
[SourceDate "2010.09.01"]
[SourceVersion "1"]
[SourceVersionDate "2010.09.01"]
[SourceQuality "1"]

1. e4 c6 2. d4 d5 3. exd5 cxd5 4. Bd3 Nc6 5. c3 Qc7 6. Ne2 Bg4 7. f3 Bd7 8. Bf4 e5 9. dxe5 Nxe5 10. 0-0 Bd6 11. Re1 0-0-0 12. Bxe5 Bxe5 13. g3 h5 14. Nd2 Qc6 15. Kg2 h4 16. Nb3 Bh3+ 17. Kxh3 hxg3+ 18. Kg4 Nf6+ 0-1